<?xml version="1.0" encoding="UTF-8"?>
<record
    xmlns:xsi="http://www.w3.org/2001/XMLSchema-instance"
    xsi:schemaLocation="http://www.loc.gov/MARC21/slim http://www.loc.gov/standards/marcxml/schema/MARC21slim.xsd"
    xmlns="http://www.loc.gov/MARC21/slim">

  <leader>00506cam a2200169   4500</leader>
  <controlfield tag="001">BUCI002130</controlfield>
  <controlfield tag="008">      s1968    mx                  spa  </controlfield>
  <datafield tag="035" ind1=" " ind2=" ">
    <subfield code="a">BUCI002130</subfield>
  </datafield>
  <datafield tag="050" ind1="0" ind2="0">
    <subfield code="a">DD256 </subfield>
    <subfield code="b">D56 1968</subfield>
  </datafield>
  <datafield tag="100" ind1="1" ind2=" ">
    <subfield code="a">Dimitrov, Jorge</subfield>
  </datafield>
  <datafield tag="245" ind1="1" ind2="3">
    <subfield code="a">El Incendio del Reichstag /</subfield>
    <subfield code="c">Jorge Dimitrov ; versi&#xF3;n al espa&#xF1;ol de Rafael Caceres C.</subfield>
  </datafield>
  <datafield tag="260" ind1=" " ind2=" ">
    <subfield code="a">M&#xE9;xico :</subfield>
    <subfield code="b">Grijalbo,</subfield>
    <subfield code="c">1968</subfield>
  </datafield>
  <datafield tag="300" ind1=" " ind2=" ">
    <subfield code="a">159 p. ;</subfield>
    <subfield code="c">18 cm.</subfield>
  </datafield>
  <datafield tag="440" ind1=" " ind2="0">
    <subfield code="a">Colecci&#xF3;n 70 ;</subfield>
    <subfield code="v">No.31</subfield>
  </datafield>
  <datafield tag="700" ind1="1" ind2=" ">
    <subfield code="a">Caceres C., Rafael,tr.</subfield>
  </datafield>
  <datafield tag="942" ind1=" " ind2=" ">
    <subfield code="2">lcc</subfield>
    <subfield code="c">LIB</subfield>
  </datafield>
  <datafield tag="999" ind1=" " ind2=" ">
    <subfield code="c">78168</subfield>
    <subfield code="d">78168</subfield>
  </datafield>
  <datafield tag="952" ind1=" " ind2=" ">
    <subfield code="1">0</subfield>
    <subfield code="2">lcc</subfield>
    <subfield code="4">0</subfield>
    <subfield code="7">0</subfield>
    <subfield code="a">BACH-003</subfield>
    <subfield code="b">BACH-003</subfield>
    <subfield code="c">GENERAL</subfield>
    <subfield code="d">2015-08-04</subfield>
    <subfield code="k">EH</subfield>
    <subfield code="o">DD256 D56 1968</subfield>
    <subfield code="p">BPCS000001748</subfield>
    <subfield code="r">2015-08-04 00:00:00</subfield>
    <subfield code="t">C : 1</subfield>
    <subfield code="y">LIB</subfield>
  </datafield>
  <datafield tag="952" ind1=" " ind2=" ">
    <subfield code="1">0</subfield>
    <subfield code="2">lcc</subfield>
    <subfield code="4">0</subfield>
    <subfield code="7">0</subfield>
    <subfield code="a">BACH-004</subfield>
    <subfield code="b">BACH-004</subfield>
    <subfield code="c">GENERAL</subfield>
    <subfield code="d">2015-08-07</subfield>
    <subfield code="f">1a. ed.</subfield>
    <subfield code="k">EH</subfield>
    <subfield code="o">DD256 D56 1968</subfield>
    <subfield code="p">PPO000001695</subfield>
    <subfield code="r">2015-08-07 00:00:00</subfield>
    <subfield code="t">C:1</subfield>
    <subfield code="y">LIB</subfield>
  </datafield>
  <datafield tag="952" ind1=" " ind2=" ">
    <subfield code="1">0</subfield>
    <subfield code="2">lcc</subfield>
    <subfield code="4">0</subfield>
    <subfield code="7">0</subfield>
    <subfield code="a">UCIH</subfield>
    <subfield code="b">UCIH</subfield>
    <subfield code="c">GENERAL</subfield>
    <subfield code="d">2018-08-10</subfield>
    <subfield code="f">1a. ed.</subfield>
    <subfield code="h">BCU000002609</subfield>
    <subfield code="k">EH</subfield>
    <subfield code="o">DD256 D56 1968</subfield>
    <subfield code="p">BCU000002609</subfield>
    <subfield code="r">2018-08-10 00:00:00</subfield>
    <subfield code="t">C:1</subfield>
    <subfield code="y">LIB</subfield>
  </datafield>
  <datafield tag="952" ind1=" " ind2=" ">
    <subfield code="1">0</subfield>
    <subfield code="2">lcc</subfield>
    <subfield code="4">0</subfield>
    <subfield code="7">0</subfield>
    <subfield code="a">UCIH</subfield>
    <subfield code="b">UCIH</subfield>
    <subfield code="c">GENERAL</subfield>
    <subfield code="d">2018-08-10</subfield>
    <subfield code="f">1a. ed.</subfield>
    <subfield code="h">BCU000002610</subfield>
    <subfield code="k">EH</subfield>
    <subfield code="o">DD256 D56 1968</subfield>
    <subfield code="p">BCU000002610</subfield>
    <subfield code="r">2018-08-10 00:00:00</subfield>
    <subfield code="t">C:2</subfield>
    <subfield code="y">LIB</subfield>
  </datafield>
  <datafield tag="952" ind1=" " ind2=" ">
    <subfield code="1">0</subfield>
    <subfield code="2">lcc</subfield>
    <subfield code="4">0</subfield>
    <subfield code="7">0</subfield>
    <subfield code="a">BACH-006</subfield>
    <subfield code="b">BACH-006</subfield>
    <subfield code="c">GENERAL</subfield>
    <subfield code="d">2019-01-31</subfield>
    <subfield code="f">1a. ed</subfield>
    <subfield code="i">NMS</subfield>
    <subfield code="k">EH</subfield>
    <subfield code="o">DD256 D56 1968</subfield>
    <subfield code="p">PIA000002177</subfield>
    <subfield code="r">2019-01-31 00:00:00</subfield>
    <subfield code="t">C.1</subfield>
    <subfield code="y">LIB</subfield>
  </datafield>
  <datafield tag="952" ind1=" " ind2=" ">
    <subfield code="1">0</subfield>
    <subfield code="2">lcc</subfield>
    <subfield code="4">0</subfield>
    <subfield code="7">0</subfield>
    <subfield code="a">BACH-006</subfield>
    <subfield code="b">BACH-006</subfield>
    <subfield code="c">GENERAL</subfield>
    <subfield code="d">2019-01-31</subfield>
    <subfield code="f">1a. ed</subfield>
    <subfield code="i">NMS</subfield>
    <subfield code="k">EH</subfield>
    <subfield code="o">DD256 D56 1968</subfield>
    <subfield code="p">PIA000002178</subfield>
    <subfield code="r">2019-01-31 00:00:00</subfield>
    <subfield code="t">C.2</subfield>
    <subfield code="y">LIB</subfield>
  </datafield>
</record>
